[Event "Kuala Lumpur UM KPT op"]
[Site "Kuala Lumpur"]
[Date "2016.12.17"]
[Round "6"]
[White "Lee, Shao Xuan"]
[Black "Tan, Kah Chun"]
[Result "1-0"]
[WhiteElo "1458"]
[BlackElo "1474"]
[PlyCount "75"]
[EventDate "2016.12.16"]
[EventType "swiss"]
[EventRounds "9"]
[EventCountry "MAS"]
[SourceTitle "CBM 176 Extra"]
[Source "ChessBase"]
[SourceDate "2017.03.02"]
[SourceVersion "1"]
[SourceVersionDate "2017.03.02"]
[SourceQuality "1"]

1. d4 Nf6 2. c4 d5 3. Nc3 e6 4. e3 Be7 5. Nf3 0-0 6. Bd2 c6 7. c5 Qc7 8. b4 Nbd7 9. Be2 e5 10. dxe5 Nxe5 11. Nxe5 Qxe5 12. 0-0 Ne4 13. Nxe4 dxe4 14. Qc2 Bf6 15. Rac1 Re8 16. Bc3 Qxc3 17. Qxc3 Bxc3 18. Rxc3 Be6 19. a4 Rad8 20. Bc4 Rd2 21. Bxe6 Rxe6 22. Rc4 f5 23. Rd4 Rxd4 24. exd4 Kf7 25. Rd1 Re7 26. d5 cxd5 27. Rxd5 Ke6 28. Rd6+ Ke5 29. g3 b6 30. Rc6 Re6 31. Rxe6+ Kxe6 32. c6 g5 33. Kg2 h5 34. f3 exf3+ 35. Kxf3 Kd6 36. b5 Ke6 37. h4 g4+ 38. Kf4 1-0